000 00661nam a22002417a 4500
003 DO-SdBNP
005 20240530073925.0
007 ta
008 210602e2014 dr ||||gr|||| 001 0dspa d
020 _a9789945583564
040 _aDO-SdBNP
_bspa
_cBNPH
041 _hspa
082 4 _aRD863.44
_bM632L
100 1 _aMieses, Juan Carlos,
_d1947-
_925472
245 1 4 _aLas palomas de la guerra /
_cJuan Carlos Mieses.
250 _a2da. ed.
260 _aSanto Domingo :
_bSantuario,
_c2014.
300 _a136 p. ;
_c23 cm.
590 _aInventariado, 2021/MF
650 1 0 _aNovela dominicana
_9223
650 1 0 _aLiteratura dominicana.
_967
942 _2ddc
_cLBS1
999 _c49870
_d49870